| 000 | 00746nam a2200253Ia 4500 | ||
|---|---|---|---|
| 003 | OSt | ||
| 005 | 20220927110916.0 | ||
| 006 | a|||||r|||| 00| 0 | ||
| 007 | ta | ||
| 008 | 220926b |||||||| |||| 00| 0 eng d | ||
| 024 | _a102449 | ||
| 037 | _cReports | ||
| 040 |
_aRTL _cRTL _beng |
||
| 041 |
_2eng _aeng |
||
| 082 | _a"X9(J741).1r, L1.2" | ||
| 110 |
_aUnited Nations Development Programme. Jute Fact Finding Mission _9380917 |
||
| 245 | 0 | _aReport | |
| 260 |
_aNew _bYork United Nations U. S. A. _c1971 |
||
| 300 |
_a99p. _ccm. |
||
| 650 | _aJute Industry | ||
| 700 |
_aUnited Nations Development Programme. Jute Fact Finding Mission _9380918 |
||
| 942 |
_h"X9(J741).1r, L1.2" _cCC |
||
| 999 |
_c698354 _d698354 |
||